Italy (Record no. 187856)

MARC details
000 -LEADER
campo de control de longitud fija 00809nam a2200193 i 4500
001 - NÚMERO DE CONTROL
campo de control 187856
003 - IDENTIFICADOR DE NÚMERO DE CONTROL
campo de control ES-MaACL
005 - FECHA Y HORA DE LA ÚLTIMA TRANSACCIÓN
campo de control 20250901104949.0
008 - DATOS DE LONGITUD FIJA--INFORMACIÓN GENERAL
campo de control de longitud fija 180316s1899 xxk |||| | eng d
110 0# - ENTRADA PRINCIPAL--NOMBRE DE ENTIDAD CORPORATIVA
Nombre de entidad corporativa o nombre de jurisdicción como elemento de entrada Gran Bretaña.
Unidad subordinada Foreign Office.
9 (RLIN) 4480
245 10 - MENCIÓN DEL TÍTULO
Título Italy
Resto del título : report on commercial education in Italy / presented to both Houses of Parliament by command of Her Majesty, may 1899.
260 ## - PUBLICACIÓN, DISTRIBUCIÓN, ETC.
Lugar de publicación, distribución, etc. London :
Nombre del editor, distribuidor, etc. Foreing Office,
Fecha de publicación, distribución, etc. 1899.
300 ## - DESCRIPCIÓN FÍSICA
Extensión 13 p. ;
Dimensiones 25 cm.
490 1# - MENCIÓN DE SERIE
Mención de serie Diplomatic and consular reports. Miscellaneous series ;
Designación de volumen o secuencia 503
650 #7 - PUNTO DE ACCESO ADICIONAL DE MATERIA--TÉRMINO DE MATERIA
Término de materia o nombre geográfico como elemento de entrada Comercio-
Subdivisión general Estudio y enseñanza-
Subdivisión geográfica Italia
Fuente del encabezamiento o término
9 (RLIN) 164409
830 0# - PUNTO DE ACCESO ADICIONAL DE SERIE-TÍTULO UNIFORME
Título uniforme Diplomatic and consular reports. Miscellaneous series ;
Designación de volumen o secuencia 503
9 (RLIN) 192853
852 ## - LOCALIZACIÓN
Ubicación ES-MaACL
Número de control de estantería T-951-F-14
Nota libre .- Legado de González del Campillo
Holdings
Estatus retirado Estado de pérdida Estado de daño No para préstamo Colección Biblioteca de origen Biblioteca actual Ubicación en estantería Fecha de adquisición Fuente de adquisición Total de préstamos Signatura topográfica completa Código de barras Visto por última vez Precio de reemplazo Tipo de ítem Koha
        Colección de folletos Biblioteca del Ateneo de Madrid Biblioteca del Ateneo de Madrid Depósito folletos 16/03/2018     T-951-F-14 1198504 23/02/2023 23/02/2023 Folleto